1396 1931 1035 1464 1524 1816 1978 1753 1226 1597 1912 1360 1034 1440 1121 1339 1578 1447 1013 1896 1111 1561 1188 1469 1324 1272 1420 1434 1861 1197 1996 1501 1807 1186 1860 1357 1795 1059 1231 1396 1594 1792 1301 1469 1100 1143 1203 1670 1592 1829 1939 1423 1103 1716 1010 1890 1780 1620 1907 1242 1756 1102 1029 1969 1629 1073 1984 1301 1979 1420 1128 1595 1991 1990 1304 1904 1617 1019 1779 1268 1786 1976 1839 1856 1292 1808 1586 1329 1617 1473 1550 1981 1383 1814 1989 1570 1424 1543 1822 BCNSPRNW ULIB Ver.6.0+V

เปลี่ยนเป็นภาษาไทย

Change to English
 แสดงรายละเอียดบรรณานุกรม
  กลับหน้าหลัก

Brief Record : Get Marc (ISO 2709) : E-mail record : QR code < ปิดหน้าต่าง
LEADER : 00000nam 2200000uu 4500
001    13399111230
003     ULIB
008    110620s||||||||th 000 0 tha d
020    9741321708
050  4 BF698^bว157จ 2549
100 0  วราภรณ์ ตระกูลสฤษดิ์
245 10 จิตวิทยาการปรับตัว /^cวราภรณ์ ตระกูลสฤษดิ์
250    พิมพ์ครั้งที่ 3
260    กรุงเทพฯ :^bศูนย์ส่งเสริมวิชาการ,^c2549
300    275 หน้า :^bภาพประกอบ ;^c22 ซม.
650  7 การปรับตัว(จิตวิทยา)
650  7 ครอบครัว
650  7 สุขภาพจิต
945    ^p180^l0^i020341
945    ^p180^l0^i020340
945    ^p180^l0^i020339
945    ^p180^l0^i020338
945    ^p180^l0^i020202
995    ทศพร
999 ^a ใช้งานได้ทุกระบบ
รายการนี้ยังไม่มีแท็ก
คุณยังไม่ได้ล็อกอิน คุณสามารถมีกิจกรรมร่วมกับเว็บไซต์ได้ แต่ต้องล็อกอินก่อน ::
  ล็อกอิน

รายการสื่อสารสนเทศ

ลำดับที่ ประเภท เลขเรียก/บาร์โค้ด สถานที่ สถานะ
- ไม่พบข้อมูล -

รายการใกล้เคียง
    ผู้แต่ง [วราภรณ์ ตระกูลสฤษดิ์]

    หัวเรื่อง [การปรับตัว(จิตวิทยา)]
    หัวเรื่อง [ครอบครัว]
    หัวเรื่อง [สุขภาพจิต]

BibComment


ยังไม่เคยถูกคอมเมนท์

คอมเมนท์ทรัพยากรรายการนี้
  คอมเมนท์: จิตวิทยาการปรับตั..


 Copyright 2026. Bcnsprnw @Library